|
|
|
|
| LEADER |
00000nam0a2200000 4500 |
| 001 |
327715 |
| 005 |
20231102004004.0 |
| 035 |
|
|
|a (RuTPU)RU\TPU\book\353402
|
| 090 |
|
|
|a 327715
|
| 100 |
|
|
|a 20170202d1937 k y0rusy50 ca
|
| 101 |
0 |
|
|a rus
|
| 102 |
|
|
|a RU
|
| 105 |
|
|
|a a z 000zy
|
| 200 |
1 |
|
|a Сборник аннотаций лучших дипломных проектов, выполненных в Томском индустриальном институте в 1936 году
|f Томский индустриальный институт (ТИИ)
|
| 210 |
|
|
|a Томск
|c Красное знамя
|d 1937
|
| 215 |
|
|
|a 25 с.
|c ил.
|
| 316 |
|
|
|5 63413507: КР-2145
|a На обложке печать Геологического кабинета Томского Индустриального Института
|
| 317 |
|
|
|5 63413507: КР-2145
|a Поступил в НТБ в 2004 г. в составе книжного собрания кафедры общей геологии
|
| 606 |
1 |
|
|a Студенты
|x Научно-исследовательская работа
|2 stltpush
|3 (RuTPU)RU\TPU\subj\68806
|9 83939
|
| 610 |
1 |
|
|a высшее профессиональное образование
|
| 610 |
1 |
|
|a вузы
|
| 610 |
1 |
|
|a выпускные квалификационные работы
|
| 610 |
1 |
|
|a золоторудные месторождения
|
| 610 |
1 |
|
|a каменноугольные месторождения
|
| 610 |
1 |
|
|a ртутные месторождения
|
| 610 |
1 |
|
|a ГРЭС
|
| 610 |
1 |
|
|a теплоэнергетика
|
| 610 |
1 |
|
|a геология
|
| 610 |
1 |
|
|a аннотации
|
| 610 |
1 |
|
|a выпускники ТТИ
|
| 610 |
1 |
|
|a Коллекция История ТПУ
|
| 610 |
1 |
|
|a Коллекция кафедры общей геологии
|
| 686 |
|
|
|a Ч481.268
|v LBC/SL-A
|2 rubbk
|
| 712 |
0 |
2 |
|a Томский индустриальный институт (ТИИ)
|c (1934-1944)
|2 stltpush
|3 (RuTPU)RU\TPU\col\9243
|
| 801 |
|
1 |
|a RU
|b 63413507
|c 20170202
|
| 801 |
|
2 |
|a RU
|b 63413507
|c 20220512
|g RCR
|
| 942 |
|
|
|c BK
|